BUBT Library Online Catalog

A Passage to India/ (Record no. 6783)

000 -LEADER
fixed length control field 00638nam a22002057a 4500
003 - CONTROL NUMBER IDENTIFIER
control field BUBTL
008 - FIXED-LENGTH DATA ELEMENTS--GENERAL INFORMATION
fixed length control field 221115b ||||| |||| 00| 0 eng d
020 ## - INTERNATIONAL STANDARD BOOK NUMBER
International Standard Book Number 9847002100076
082 ## - DEWEY DECIMAL CLASSIFICATION NUMBER
Classification number 823.912/ F774p/ 2010
100 ## - MAIN ENTRY--PERSONAL NAME
9 (RLIN) 4881
Personal name Forster, E.M.
245 ## - TITLE STATEMENT
Title A Passage to India/
Statement of responsibility, etc. E.M. Forster
250 ## - EDITION STATEMENT
Edition statement 1st Edn.
260 ## - PUBLICATION, DISTRIBUTION, ETC. (IMPRINT)
Place of publication, distribution, etc. Dhaka:
Name of publisher, distributor, etc. Albatross Publications
Date of publication, distribution, etc. c2010
300 ## - PHYSICAL DESCRIPTION
Extent lvi, 368 p.:
Dimensions 20cm
440 ## - SERIES STATEMENT/ADDED ENTRY--TITLE
Title A Passage to India
9 (RLIN) 4882
505 ## - FORMATTED CONTENTS NOTE
Formatted contents note A Passage to India, E.M. Forster, albatross Classics, English, India
856 ## - ELECTRONIC LOCATION AND ACCESS
Password 0
Logon 0
Link text Download
942 ## - ADDED ENTRY ELEMENTS (KOHA)
Source of classification or shelving scheme
Koha item type Books
Holdings
Withdrawn status Lost status Source of classification or shelving scheme Damaged status Not for loan Collection code Permanent location Current location Shelving location Date acquired Source of acquisition Inventory number Total Checkouts Full call number Barcode Date last seen Copy number Price effective from Koha item type
          Fiction Bangladesh University of Business and Technology Library Bangladesh University of Business and Technology Library English Literature Stacks 11/03/2022 Purchase 29077   823.912/ F774p/ 2010 BUBTL-200329077 11/15/2022 C-1 11/15/2022 Books
          Fiction Bangladesh University of Business and Technology Library Bangladesh University of Business and Technology Library English Literature Stacks 11/03/2022 Purchase 29078   823.912/ F774p/ 2010 BUBTL-200329078 11/15/2022 C-1 11/15/2022 Books
          Fiction Bangladesh University of Business and Technology Library Bangladesh University of Business and Technology Library English Literature Stacks 11/03/2022 Purchase 29076   823.912/ F774p/ 2010 BUBTL-200329076 11/15/2022 C-1 11/15/2022 Books

More Information About Library

Library Hours

  • Open: 9.00 am. to 9.00 pm.
  • Only Sunday: 9.00 am. to 6.00 pm.
  • Closed: Holiday

Contact to the University

Bangladesh University of Business and Technology Library

  • Mirpurl-2, 1216.
  • Phone:
  • Fax:
  • E-Mail: admin.library@bubt.edu.bd

Contact to the Library

Contact Person:

Md. Abdul Hakim Shah
Joint Librarian
PABX No:  113
Cell No: 01816332931
E-mail: official: admin.library@bubt.edu.bd
Personal: hakim.shah@bubt.edu.bd


BUBT Library

Copyright © 2021